00434nam a2200121Ia 4500008004100000245013700041260001900178260000900197300000600206650002600212650001200238856006200250170516s9999 xx 000 0 und d a3D Rotational Angiography in Follow-Up of Clipped Intracranial Aneurysms, Subhash Kumar, Shailesh B. Gaikwad, and Nalini Kant Mishra bISRN Radiology c2014 a: xRadiologic Technology xRadtech uhttps://www.hindawi.com/journals/isrn/contents/radiology/